Mythical Creatures - Sudden Death - Statistics

General Stats
  • This quiz has been taken 174 times
    159 since last reset
  • The average score is 7 of 12
Answers on the Grid
Answers color-coded by a green-red scale on the quiz's grid according to % correct below.
Giant squid
Phoenix
Spinosaurus
Skunk Ape
Wolverine
Jackalope
Narwhal
Gryphon
Basilisk
Goblin shark
Electric eel
Roc
Vampire squid
Chupacabra
Kraken
Cockatrice
Cassowary
Komodo dragon
Thunderbird
Wallaroo
Titan
Poison dart frog
Gorgon
Sabre-toothed tiger
 
Answer Stats
Answer % Correct
Phoenix
94%
Kraken
76%
Gryphon
74%
Basilisk
69%
Chupacabra
69%
Gorgon
69%
Titan
69%
Roc
52%
Jackalope
49%
Thunderbird
46%
Cockatrice
43%
Skunk Ape
29%
No matching quizzes found
Score Distribution
Percent of People with Each Score
Percentile by Number Answered
Your Score History
You have not taken this quiz since the last reset